Marcopoloyute santhathikal(മാർക്കോപോളോയുടെ സന്തതികൾ ) (Record no. 106344)

MARC details
000 -LEADER
fixed length control field nam a22 7a 4500
005 - DATE AND TIME OF LATEST TRANSACTION
control field 20210421105204.0
008 - FIXED-LENGTH DATA ELEMENTS--GENERAL INFORMATION
fixed length control field 210215b ||||| |||| 00| 0 eng d
020 ## - INTERNATIONAL STANDARD BOOK NUMBER
International Standard Book Number 9789338807005
080 ## - UNIVERSAL DECIMAL CLASSIFICATION NUMBER
Universal Decimal Classification number 89M-992
Item number VAR/M
100 ## - MAIN ENTRY--PERSONAL NAME
Personal name Varghese Angamaly
245 ## - TITLE STATEMENT
Title Marcopoloyute santhathikal(മാർക്കോപോളോയുടെ സന്തതികൾ )
260 ## - PUBLICATION, DISTRIBUTION, ETC. (IMPRINT)
Place of publication, distribution, etc Kottayam,
Name of publisher, distributor, etc Sahithya pravarthaka co-operative society;
Date of publication, distribution, etc 2019.
300 ## - PHYSICAL DESCRIPTION
Extent 229p.
653 ## - INDEX TERM--UNCONTROLLED
Uncontrolled term Travelogue- Malayalam Literature
942 ## - ADDED ENTRY ELEMENTS (KOHA)
item type Books
Holdings
Lost status Source of classification or shelving scheme Not for loan Home library Current library Date acquired Cost, normal purchase price Total Checkouts Full call number Barcode Date last seen Date checked out Price effective from Koha item type Total Renewals
  Universal Decimal Classification   University Library University Library 15/02/2021 0.00 1 89M-992 VAR/M 00090987 05/10/2021 08/09/2021 15/02/2021 Books  
  Universal Decimal Classification   University Library University Library 05/03/2021   2 89M-992 VAR/M;1 00091247 04/08/2023 20/06/2023 05/03/2021 Books 4
University Library, CUSAT